| 000 | 00467nam a22001457a 4500 | ||
|---|---|---|---|
| 008 | 160130b xxu||||| |||| 00| 0 eng d | ||
| 020 | _a9780030959387 | ||
| 082 |
_2[2006] _aDK12 500 _bIn61 |
||
| 245 |
_aIntegrated science _blevel green: special needs workbook. |
||
| 260 |
_aOrlando: _bHolt, Rinehart and Winston, _c[c2006] |
||
| 300 |
_av, 458 pages: _billustrations; _c28 cm. |
||
| 440 |
_92313 _aHolt Science and Technology |
||
| 650 | 0 |
_92314 _aScience |
|
| 942 |
_2ddc _cBK |
||
| 999 |
_c841 _d841 |
||